000
00268nam a2200109Ia 4500
008
200302s9999 xx 000 0 und d
100
_a
Sylvia Katz
245
_a
Plastics Design and Materials
260
_b
Studio Vista Book Publishing
260
_c
1978
300
_a
192 P.,
999
_c
287
_d
287